000 00883nam a2200241Ii 4500
003 JO-AjNU
008 230605s9999||||xx |||||||||||||| ||und||
017 _a2011/16289
020 _a978-977-431-118-4
040 _aJO-AjNU
_bara
_erda
_cJO-AjNU
041 _aara
050 1 4 _aLB1028.3.H35 2012
100 3 _aحجاج، جهاد محمد,
_eauthor
_957749
245 0 0 _aأخصائي تكنولوجيا التعليم والحاسب الآلي
250 _aط1
264 3 1 _aالقاهرة: مؤسسة طيبة للنشر والتوزيع، 2011
300 _a82ص
336 _atext
_btxt
_2rdacontent
337 _aunmediated
_bn
_2rdamedia
338 _avolume
_bnc
_2rdacarrier
490 0 _aسلسلة حقيبة الأعمال المدرسية
650 4 _aتكنولوجيا التعليم - الحاسب الآلي - وسائل تعليمية - تعليم
_957750
999 _aA25897
_c29465
_d29465